000 01514 a2200217 4500
003 Nust
005 20170207153114.0
010 _a 96021799
020 _a0029462169 (hardcover)
040 _cNust
082 0 0 _a621.38132
100 1 _aBoylestad, Robert L.
245 1 0 _aIntroductory circuit analysis /
_cRobert L. Boylestad.
250 _a5th ed.
260 _aUpper Saddle River, N.J. :
_bPrentice Hall,
_cc1997.
300 _axv, 864 p. :
_bill. (some col.) ;
_c29 cm.
505 _aIntroduction (Page-1), Current and Voltages (Page-29), Resistance (Page-55), Ohm’s Law, Power and energy (Page-93),Series Circuits (Page-123), Parallel Circuits (Page-159), Series Parallel Networks (Page-195), Methods of Analysis and Selected Topic (Page-229), Network Theorems (Page-289), Capacitor (Page-343), Magnetic Circuits (Page-395), Inductors (Page-427), Sinusoidal Alternating Waveforms (Page-459), The Basic Elements and Phasors (Page-507), Series and Parallel ac Circuits (Page-559), Series Parallel ac Networks (Page-635), Methods of Analysis and Selected Topics (Page-655), Network Therorems (Page-697), Power (Page-749), Resonance (Page-287), Decibels, Filters ad Bode Plots (Page-829), Pulse Waveform and the R-C Response (Page-887), Polyphase Systems (Page-917), Nonsinusoidal Circuits (Page-965), Transformers (Page-991), Two Port Parameters (z,y,h) (Page-1031),
538 _aAlmirah No.33 Shelf No.6
650 0 _aElectric circuit analysis
_xData processing.
650 0 _aTelecommunication Engineering
942 _2ddc
_cBK
999 _c179208
_d179208